Κατάλογος Βιβλιοθηκών Mediterranean College

International Investments / Third Edition (Record no. 1235)

MARC details
000 -LEADER
fixed length control field 01278cam a22002054a 4500
005 - ΗΜΕΡΟΜΗΝΙΑ ΚΑΙ ΩΡΑ ΤΕΛΕΥΤΑΙΑΣ ΕΝΗΜΕΡΩΣΗΣ
Πεδίο ελέγχου 20250605164002.0
008 - FIXED-LENGTH DATA ELEMENTS--GENERAL INFORMATION
Πεδίο ελέγχου σταθερού μήκους 250528s ||||||||||||||||||||||||d
035 ## - SYSTEM CONTROL NUMBER
System control number 15672
020 ## - ISBN
ISBN 201567075
040 ## - ΠΗΓΗ ΚΑΤΑΛΟΓΟΓΡΑΦΗΣΗΣ
Φορέας πρωτότυπης καταλογογράφησης MC Athens Campus Library
Γλώσσα καταλογογράφησης Ελληνικά, Μοντέρνα (1453-)
Modifying agency MC Athens Campus Library
Κανόνες περιγραφικής καταλογογράφησης AACR2
245 1# - ΤΙΤΛΟΣ ΚΑΙ ΔΗΛΩΣΗ ΥΠΕΥΘΥΝΟΤΗΤΑΣ
Τίτλος International Investments / Third Edition
250 ## - EDITION STATEMENT
Edition statement 3rd
260 ## - PUBLICATION, DISTRIBUTION, ETC.
Name of publisher, distributor, etc. Εκδόσεις Ευγ. Μπένου,
Date of publication, distribution, etc. 1996
300 ## - PHYSICAL DESCRIPTION
Extent 638
520 ## - SUMMARY, ETC.
Summary, etc. The International Monetary Environment, Foreign Exchange Parity Relations, Foreign Exchange Determination and Forecasting, International Investing and Market Equilibrium, The Case for International Diversification, International Asset Pricing: Theory and Tests, Stock Market Investment, Equity: Markets and Instruments, Equity: Concepts and Techniques, Emerging Stock Markets, Fixed-Income Investment, Bonds: Markets and Instruments, Bonds: Concepts and Techniques, Future and Options and Others, Futures, Options, Currency Risk Management, Commodities and Real Estate and Alternative Investments, Strategy and Organization and Control, International Performance Analysis, Structuring the International Investment Process, Answers to Selected Problems, Glossary, Index.
700 1# - ΠΡΟΣΘΕΤΗ ΑΝΑΓΡΑΦΗ--ΦΥΣΙΚΟ ΠΡΟΣΩΠΟ
Personal name Solnik Bruno
9 (RLIN) 1636
942 ## - ADDED ENTRY ELEMENTS (KOHA)
Koha item type Books
Holdings
Τύπος τεκμηρίου Βιβλιοθήκη Τρέχουσα τοποθεσία Barcode Αριθμός εισαγωγής Ημερομηνία απόκτησης Ταξιθετικό σύμβολο Αριθμός αντιτύπου Κατάσταση απόσυρσης Κατάσταση χαμένου Κατάσταση κατεστραμμένου Μη δανεισμός Σύνολο δανεισμών Ημερομηνία τελευταίας εμφάνισης Η τιμή ισχύει από
Books MC Athens Campus Library MC Athens Campus Library 9780000012340 2026 05/06/2025 332.6/73 SOL 1           05/06/2025 05/06/2025

MC Athens Campus Library
Πατησίων 94 & Κοδριγκτώνος 13, 104 34
Πελλήνης 8 & Πατησίων 107, 112 51
Τ: +30 210 8899600

MC Thessaloniki Campus Library
Ίωνος Δραγούμη 21, 54625 | Ίωνος Δραγούμη 15, 54625
Τ: +30 2310 287779 – Τ: +30 2314 440300